00630nam a22002057a 450000500170000001000110001702000210002803500110004903700160006004000120007608200130008810000250010124501310012626000350025727000310029230000250032365000300034865000280037870000180040620170124110224.0 a605686 c00.00a412096005 a605686 bCen Lib/Ret aDPLbEN a503bBAL aBallentyne, D. W. G. aA dictionary of named effects and laws :cby D. W. G. Ballentyne [and] D. R. Lovettb in chemistry, physics, and mathematics / aLondonbChapman and Hallc1970 bLondona11 New Fetter Lane aviii,335p.c21cm(Hb) aChemistry -- Dictionaries aPhysics -- Dictionaries aLovett, D. R.